000 00588aam a2200229 4500
005 20260217181809.0
008 150715b1954 xxu||||| |||| 00| 0 spa d
041 _aESP
082 _a364 G748c
100 _aGranados, Mariano
_937630
245 _aEl crimen: causas, psicología del criminal, métodos de investigación
260 _aMéxico
260 _bAlameda
260 _c1954
300 _a296 páginas
490 _aInvestigación Criminal
650 _aCRIMINOLOGÍA
650 _aDELITOS
650 _aCRIMEN
650 _aPISCOLOGÍA DEL CRIMEN
942 _cBK
_2ddc
999 _c6403
_d6403